Nopea klikkaaja - Statistics

Yleistilastot
  • Tätä visaa on pelattu 144 kertaa
  • Keskiarvotulos 17 / 35
Vastaustilastot
Hint Vastaus % Oikein
F F
92%
4 4
85%
A A
85%
B B
85%
D D
85%
N N
85%
Q Q
85%
3 3
83%
I I
83%
P P
81%
U U
81%
O O
79%
J J
75%
6 6
70%
X X
62%
7 7
55%
8 8
55%
Y Y
53%
Z Z
49%
K K
45%
S S
45%
T T
36%
1 1
30%
E E
28%
W W
26%
M M
25%
G G
11%
5 5
8%
9 9
4%
V V
4%
2 2
2%
C C
2%
H H
2%
L L
2%
R R
2%
Ehtoja vastaavia visoja ei löytynyt
Tulosjakauma
Jokaisen tuloksen saaneiden osuus
Persentiili vastausten määrän mukaan
Tuloshistoriasi
Et ole pelannut tätä visaa